Score 0/192 Timer 07:00
7 Plays Today
% Correct
autumn or plummet
99.7%
FINISH
99.1%
corridor
98.1%
to complete
98.1%
FALL
98.1%
elevated landform
96.4%
phone
96.3%
0~O~0~O~0~O~0
96.2%
0~O~0~O~0~O~0
96.2%
HALL
96.1%
prison unit
94.3%
shout
93.7%
0~O~0~O~0~O~0
93.5%
0~O~0~O~0~O~0
93.5%
invoice
93.4%
inform
93.2%
CELL
93.2%
ringer
93.1%
CALL
92.9%
0~O~0~O~0~O~0
91.4%
0~O~0~O~0~O~0
91.4%
blue-green
91.3%
TELL
91.3%
HILL
90%
YELL
90%
spherical toy
89.4%
0~O~0~O~0~O~0
89.3%
0~O~0~O~0~O~0
89.3%
BALL
87.2%
0~O~0~O~0~O~0
86.3%
0~O~0~O~0~O~0
86.3%
liver secretion
86.1%
water source
85.8%
BILL
85.6%
BELL
85.2%
0~O~0~O~0~O~0
84.8%
0~O~0~O~0~O~0
84.8%
vigor
84.6%
TEAL
84.6%
0~O~0~O~0~O~0
83.9%
0~O~0~O~0~O~0
83.9%
rasp
83%
FILL
83%
BILE
82.2%
whip mark
81%
WELL
79.8%
droop
77.8%
0~O~0~O~0~O~0
77.2%
0~O~0~O~0~O~0
77.2%
WELT
75.2%
savage
72.5%
0~O~0~O~0~O~0
72%
0~O~0~O~0~O~0
72%
0~O~0~O~0~O~0
71.8%
0~O~0~O~0~O~0
71.8%
Scottish garment
71.2%
river sediment
71.2%
0~O~0~O~0~O~0
71.1%
0~O~0~O~0~O~0
71.1%
0~O~0~O~0~O~0
70.9%
0~O~0~O~0~O~0
70.9%
KILT
70.9%
WILT
70.6%
0~O~0~O~0~O~0
70.2%
% Correct
0~O~0~O~0~O~0
70.2%
farm building
70%
0~O~0~O~0~O~0
69.2%
0~O~0~O~0~O~0
69.2%
SILT
69.1%
0~O~0~O~0~O~0
68.9%
0~O~0~O~0~O~0
68.9%
prudent
68.8%
prefix for 1000
68.2%
ZEAL
66.5%
cable
66.5%
inferno
66.3%
SILO
65.9%
0~O~0~O~0~O~0
65.9%
0~O~0~O~0~O~0
65.9%
____ E. Coyote
65.5%
pottery oven
65.4%
WILE
65.4%
0~O~0~O~0~O~0
65.4%
0~O~0~O~0~O~0
65.4%
broad
65.2%
stack
65.2%
medicine capsule
65.1%
murder
65%
certain intoxicant
65%
FIRE
64.9%
KILL
64.8%
PILL
64.7%
WIRE
64.3%
FILE
64.2%
WILD
63.9%
KILN
63.1%
0~O~0~O~0~O~0
63.1%
0~O~0~O~0~O~0
63.1%
whitish
62.9%
PILE
62.7%
African river
62.7%
WIDE
62.6%
KILO
61.8%
NILE
61.4%
tempo
60.1%
avian appendage
60%
PALE
59.8%
WINE
59.2%
0~O~0~O~0~O~0
58.8%
0~O~0~O~0~O~0
58.8%
0~O~0~O~0~O~0
58.7%
0~O~0~O~0~O~0
58.7%
chess piece
58.5%
WING
57.7%
finger adornment
57.5%
ladder component
57.5%
RING
57.4%
KING
57.1%
WISE
57.1%
0~O~0~O~0~O~0
56.7%
0~O~0~O~0~O~0
56.7%
last of the litter
56.6%
RUNG
56.5%
an organ
56.5%
RUNT
55.6%
diatribe
55.6%
LUNG
55.3%
0~O~0~O~0~O~0
55.2%
% Correct
0~O~0~O~0~O~0
55.2%
visage
55%
0~O~0~O~0~O~0
54.5%
0~O~0~O~0~O~0
54.5%
PACE
54.3%
part of a book
54.3%
0~O~0~O~0~O~0
53.9%
0~O~0~O~0~O~0
53.9%
toll
53.2%
true tidbit
51.9%
FACE
51.6%
0~O~0~O~0~O~0
51.5%
0~O~0~O~0~O~0
51.5%
0~O~0~O~0~O~0
51.3%
0~O~0~O~0~O~0
51.3%
RANT
51.1%
PAGE
51%
deal
51%
FACT
48.7%
section
47%
peel
46%
PACT
45.6%
injure
44.7%
PART
44.6%
0~O~0~O~0~O~0
44.3%
0~O~0~O~0~O~0
44.3%
rabbit relative
44.2%
0~O~0~O~0~O~0
44.1%
0~O~0~O~0~O~0
44.1%
HARE
44%
audacious challenge
43.9%
ace, eg
43.7%
FARE
43.7%
0~O~0~O~0~O~0
43.7%
0~O~0~O~0~O~0
43.7%
consideration
43.5%
0~O~0~O~0~O~0
43.3%
0~O~0~O~0~O~0
43.3%
difficult
43.2%
HARD
43.1%
infrequent
42.7%
toasty
42.4%
HARM
42.3%
female horse
42%
nightcrawler, eg
41.9%
CARD
41.9%
WARM
41.8%
PARE
41.6%
CARE
41.5%
MARE
41.4%
0~O~0~O~0~O~0
41.1%
0~O~0~O~0~O~0
41.1%
WORM
41.1%
sentence builder
41.1%
WORD
40.9%
DARE
40.7%
assign a value to
40.5%
RARE
40.5%
loathe
36.4%
RATE
36.4%
0~O~0~O~0~O~0
35.8%
0~O~0~O~0~O~0
35.8%
WELL DONE !
35.7%
HATE
35.6%
Come Together.
Have Fun.
All Virtual.
We all need to come together. Play Sporcle's virtual live trivia to have fun, connect with people, and get your trivia on. Join a live hosted trivia game for your favorite pub trivia experience done virtually. If a virtual private party is more your thing, go here for details.

You're not logged in!

Compare scores with friends on all Sporcle quizzes.
OR
Log In

Sporcle TV

Today on Sporcle TV


Watch our educational content, quiz creation guides, and fun videos on Sporcle TV.

Show Comments

Extras

Top Quizzes Today


Score Distribution

Paid Content

Your Account Isn't Verified!

In order to create a playlist on Sporcle, you need to verify the email address you used during registration. Go to your Sporcle Settings to finish the process.

Report this User

Report this user for behavior that violates our Community Guidelines.

Details: